<?xml version="1.0" encoding="UTF-8"?>
<collection xmlns="http://www.loc.gov/MARC21/slim">
 <record>
  <leader>03659cam a2200817 c 4500</leader>
  <controlfield tag="001">1601755732</controlfield>
  <controlfield tag="003">DE-627</controlfield>
  <controlfield tag="005">20240508201912.0</controlfield>
  <controlfield tag="007">tu</controlfield>
  <controlfield tag="008">950926s1972    xxu|||||      00| ||eng c</controlfield>
  <datafield tag="010" ind1=" " ind2=" ">
   <subfield code="a">   74154998 </subfield>
  </datafield>
  <datafield tag="020" ind1=" " ind2=" ">
   <subfield code="a">0691051909</subfield>
   <subfield code="9">0-691-05190-9</subfield>
  </datafield>
  <datafield tag="035" ind1=" " ind2=" ">
   <subfield code="a">(DE-627)1601755732</subfield>
  </datafield>
  <datafield tag="035" ind1=" " ind2=" ">
   <subfield code="a">(DE-576)003437388</subfield>
  </datafield>
  <datafield tag="035" ind1=" " ind2=" ">
   <subfield code="a">(DE-599)BSZ003437388</subfield>
  </datafield>
  <datafield tag="035" ind1=" " ind2=" ">
   <subfield code="a">(OCoLC)293008</subfield>
  </datafield>
  <datafield tag="035" ind1=" " ind2=" ">
   <subfield code="a">(OCoLC)00293008</subfield>
  </datafield>
  <datafield tag="035" ind1=" " ind2=" ">
   <subfield code="a">(OCoLC)243430303</subfield>
  </datafield>
  <datafield tag="035" ind1=" " ind2=" ">
   <subfield code="a">(AT-OBV)AC01980483</subfield>
  </datafield>
  <datafield tag="035" ind1=" " ind2=" ">
   <subfield code="a">(DE-604)8030052483</subfield>
  </datafield>
  <datafield tag="040" ind1=" " ind2=" ">
   <subfield code="a">DE-627</subfield>
   <subfield code="b">ger</subfield>
   <subfield code="c">DE-627</subfield>
   <subfield code="e">rda</subfield>
  </datafield>
  <datafield tag="041" ind1=" " ind2=" ">
   <subfield code="a">eng</subfield>
  </datafield>
  <datafield tag="044" ind1=" " ind2=" ">
   <subfield code="c">XD-US</subfield>
  </datafield>
  <datafield tag="050" ind1=" " ind2="0">
   <subfield code="a">DD240</subfield>
  </datafield>
  <datafield tag="082" ind1="0" ind2=" ">
   <subfield code="a">327.43</subfield>
   <subfield code="q">LOC</subfield>
  </datafield>
  <datafield tag="084" ind1=" " ind2=" ">
   <subfield code="a">NQ 1325</subfield>
   <subfield code="2">rvk</subfield>
   <subfield code="0">(DE-625)rvk/128069:</subfield>
  </datafield>
  <datafield tag="084" ind1=" " ind2=" ">
   <subfield code="a">15.37</subfield>
   <subfield code="2">bkl</subfield>
  </datafield>
  <datafield tag="084" ind1=" " ind2=" ">
   <subfield code="a">89.90</subfield>
   <subfield code="2">bkl</subfield>
  </datafield>
  <datafield tag="100" ind1="1" ind2=" ">
   <subfield code="a">Jacobson, Jon</subfield>
   <subfield code="d">1938-</subfield>
   <subfield code="e">VerfasserIn</subfield>
   <subfield code="0">(DE-588)172165822</subfield>
   <subfield code="0">(DE-627)697081117</subfield>
   <subfield code="0">(DE-576)133037134</subfield>
   <subfield code="4">aut</subfield>
  </datafield>
  <datafield tag="245" ind1="1" ind2="0">
   <subfield code="a">Locarno diplomacy</subfield>
   <subfield code="b">Germany and the West 1925 - 1929</subfield>
   <subfield code="c">by Jon Jacobson</subfield>
  </datafield>
  <datafield tag="264" ind1=" " ind2="1">
   <subfield code="a">Princeton, New Jersey</subfield>
   <subfield code="b">Princeton University Press</subfield>
   <subfield code="c">1972</subfield>
  </datafield>
  <datafield tag="300" ind1=" " ind2=" ">
   <subfield code="a">xi, 420 Seiten</subfield>
   <subfield code="c">25 cm</subfield>
  </datafield>
  <datafield tag="336" ind1=" " ind2=" ">
   <subfield code="a">Text</subfield>
   <subfield code="b">txt</subfield>
   <subfield code="2">rdacontent</subfield>
  </datafield>
  <datafield tag="337" ind1=" " ind2=" ">
   <subfield code="a">ohne Hilfsmittel zu benutzen</subfield>
   <subfield code="b">n</subfield>
   <subfield code="2">rdamedia</subfield>
  </datafield>
  <datafield tag="338" ind1=" " ind2=" ">
   <subfield code="a">Band</subfield>
   <subfield code="b">nc</subfield>
   <subfield code="2">rdacarrier</subfield>
  </datafield>
  <datafield tag="500" ind1=" " ind2=" ">
   <subfield code="a">Literaturverzeichnis Seiten 391-409</subfield>
  </datafield>
  <datafield tag="583" ind1="1" ind2=" ">
   <subfield code="a">Archivierung/Langzeitarchivierung gewährleistet</subfield>
   <subfield code="f">SLG</subfield>
   <subfield code="x">XA-DE-BW</subfield>
   <subfield code="z">BfZ</subfield>
   <subfield code="2">pdager</subfield>
   <subfield code="5">DE-24</subfield>
  </datafield>
  <datafield tag="583" ind1="1" ind2=" ">
   <subfield code="a">Archivierung prüfen</subfield>
   <subfield code="c">20240324</subfield>
   <subfield code="f">DE-4165</subfield>
   <subfield code="z">3</subfield>
   <subfield code="2">pdager</subfield>
  </datafield>
  <datafield tag="611" ind1="2" ind2="0">
   <subfield code="a">Locarno Conference</subfield>
   <subfield code="d">(1925</subfield>
   <subfield code="c">Locarno, Switzerland)</subfield>
  </datafield>
  <datafield tag="611" ind1="2" ind2="0">
   <subfield code="a">Conference on Reparations</subfield>
   <subfield code="n">(1st</subfield>
   <subfield code="d">1929</subfield>
   <subfield code="c">Hague, Netherlands)</subfield>
  </datafield>
  <datafield tag="651" ind1=" " ind2="0">
   <subfield code="a">Germany</subfield>
   <subfield code="x">Foreign relations</subfield>
   <subfield code="y">1918-1933</subfield>
  </datafield>
  <datafield tag="689" ind1="0" ind2="0">
   <subfield code="d">f</subfield>
   <subfield code="0">(DE-588)3036839-X</subfield>
   <subfield code="0">(DE-627)711119724</subfield>
   <subfield code="0">(DE-576)197231853</subfield>
   <subfield code="a">Konferenz von Locarno</subfield>
   <subfield code="d">1925</subfield>
   <subfield code="c">Locarno</subfield>
   <subfield code="2">gnd</subfield>
  </datafield>
  <datafield tag="689" ind1="0" ind2="1">
   <subfield code="d">s</subfield>
   <subfield code="0">(DE-588)4065109-5</subfield>
   <subfield code="0">(DE-627)10612059X</subfield>
   <subfield code="0">(DE-576)209156864</subfield>
   <subfield code="a">Weimarer Republik</subfield>
   <subfield code="2">gnd</subfield>
  </datafield>
  <datafield tag="689" ind1="0" ind2="2">
   <subfield code="d">s</subfield>
   <subfield code="0">(DE-588)4138523-8</subfield>
   <subfield code="0">(DE-627)105642029</subfield>
   <subfield code="0">(DE-576)209686774</subfield>
   <subfield code="a">Diplomatische Beziehungen</subfield>
   <subfield code="2">gnd</subfield>
  </datafield>
  <datafield tag="689" ind1="0" ind2="3">
   <subfield code="a">z</subfield>
   <subfield code="2">gnd</subfield>
   <subfield code="a">Geschichte 1918-1933</subfield>
  </datafield>
  <datafield tag="689" ind1="0" ind2=" ">
   <subfield code="5">(DE-627)</subfield>
  </datafield>
  <datafield tag="689" ind1="1" ind2="0">
   <subfield code="d">g</subfield>
   <subfield code="0">(DE-588)4011882-4</subfield>
   <subfield code="0">(DE-627)104704861</subfield>
   <subfield code="0">(DE-576)208896155</subfield>
   <subfield code="a">Deutschland</subfield>
   <subfield code="2">gnd</subfield>
  </datafield>
  <datafield tag="689" ind1="1" ind2="1">
   <subfield code="d">s</subfield>
   <subfield code="0">(DE-588)4003846-4</subfield>
   <subfield code="0">(DE-627)10438896X</subfield>
   <subfield code="0">(DE-576)208852972</subfield>
   <subfield code="a">Außenpolitik</subfield>
   <subfield code="2">gnd</subfield>
  </datafield>
  <datafield tag="689" ind1="1" ind2="2">
   <subfield code="d">g</subfield>
   <subfield code="0">(DE-588)4079215-8</subfield>
   <subfield code="0">(DE-627)106075209</subfield>
   <subfield code="0">(DE-576)209211490</subfield>
   <subfield code="a">Westeuropa</subfield>
   <subfield code="2">gnd</subfield>
  </datafield>
  <datafield tag="689" ind1="1" ind2="3">
   <subfield code="d">u</subfield>
   <subfield code="0">(DE-588)4168006-6</subfield>
   <subfield code="0">(DE-627)105420840</subfield>
   <subfield code="0">(DE-576)209912502</subfield>
   <subfield code="a">Accords de Locarno : 1925</subfield>
   <subfield code="2">gnd</subfield>
  </datafield>
  <datafield tag="689" ind1="1" ind2="4">
   <subfield code="a">z</subfield>
   <subfield code="2">gnd</subfield>
   <subfield code="a">Geschichte 1925-1929</subfield>
  </datafield>
  <datafield tag="689" ind1="1" ind2=" ">
   <subfield code="5">(DE-627)</subfield>
  </datafield>
  <datafield tag="787" ind1="0" ind2="8">
   <subfield code="i">Rezensiert in</subfield>
   <subfield code="a">Most, Eckhard, 1943 - </subfield>
   <subfield code="t">Perspektiven der deutschen Außenpolitik zwischen Locarno und dem 2. Weltkrieg</subfield>
   <subfield code="d">München : Artemis Verlag, 1976</subfield>
   <subfield code="w">(DE-627)1577739205</subfield>
   <subfield code="w">(DE-576)507739205</subfield>
  </datafield>
  <datafield tag="856" ind1="4" ind2="2">
   <subfield code="u">http://www.loc.gov/catdir/enhancements/fy1504/74154998-d.html</subfield>
   <subfield code="v">2015-04-21</subfield>
   <subfield code="x">Verlag</subfield>
   <subfield code="3">Verlagsangaben</subfield>
  </datafield>
  <datafield tag="889" ind1=" " ind2=" ">
   <subfield code="w">(DE-627)188662103</subfield>
  </datafield>
  <datafield tag="935" ind1=" " ind2=" ">
   <subfield code="i">mdedup</subfield>
  </datafield>
  <datafield tag="936" ind1="r" ind2="v">
   <subfield code="a">NQ 1325</subfield>
   <subfield code="b">1924 - 1928</subfield>
   <subfield code="k">Geschichte</subfield>
   <subfield code="k">Geschichte seit 1918</subfield>
   <subfield code="k">Deutsche Geschichte seit dem Ende des Ersten Weltkriegs</subfield>
   <subfield code="k">Weimarer Republik (1918 - 1933)</subfield>
   <subfield code="k">Außenpolitik</subfield>
   <subfield code="k">1924 - 1928</subfield>
   <subfield code="0">(DE-627)127147056X</subfield>
   <subfield code="0">(DE-625)rvk/128069:</subfield>
   <subfield code="0">(DE-576)20147056X</subfield>
  </datafield>
  <datafield tag="936" ind1="b" ind2="k">
   <subfield code="a">15.37</subfield>
   <subfield code="j">Europäische Geschichte 1914-1945</subfield>
   <subfield code="0">(DE-627)181569809</subfield>
  </datafield>
  <datafield tag="936" ind1="b" ind2="k">
   <subfield code="a">89.90</subfield>
   <subfield code="j">Außenpolitik</subfield>
   <subfield code="j">Internationale Politik</subfield>
   <subfield code="0">(DE-627)10642047X</subfield>
  </datafield>
  <datafield tag="951" ind1=" " ind2=" ">
   <subfield code="a">BO</subfield>
  </datafield>
  <datafield tag="990" ind1=" " ind2=" ">
   <subfield code="a">Konferenz von Locarno &lt;Locarno&gt; </subfield>
  </datafield>
  <datafield tag="990" ind1=" " ind2=" ">
   <subfield code="a">Weimarer Republik</subfield>
  </datafield>
  <datafield tag="990" ind1=" " ind2=" ">
   <subfield code="a">Diplomatische Beziehungen</subfield>
  </datafield>
  <datafield tag="990" ind1=" " ind2=" ">
   <subfield code="a">Geschichte 1918-1933</subfield>
  </datafield>
  <datafield tag="990" ind1=" " ind2=" ">
   <subfield code="a">Deutschland</subfield>
  </datafield>
  <datafield tag="990" ind1=" " ind2=" ">
   <subfield code="a">Außenpolitik</subfield>
  </datafield>
  <datafield tag="990" ind1=" " ind2=" ">
   <subfield code="a">Westeuropa</subfield>
  </datafield>
  <datafield tag="990" ind1=" " ind2=" ">
   <subfield code="a">Accords de Locarno : 1925</subfield>
  </datafield>
  <datafield tag="990" ind1=" " ind2=" ">
   <subfield code="a">Geschichte 1925-1929</subfield>
  </datafield>
  <datafield tag="991" ind1=" " ind2=" ">
   <subfield code="a">Rezensiertes Werk</subfield>
  </datafield>
  <datafield tag="999" ind1=" " ind2=" ">
   <subfield code="a">KXP-PPN1601755732</subfield>
   <subfield code="e">4691336729</subfield>
  </datafield>
 </record>
</collection>
